Masih Ada Cinta

Bibliographic Details
Main Author: Faizura Mansor
Format: Book
Published: Kuala Lumpur : Tintarona Publications Sdn Bhd , 2011

MARC

LEADER 00000cam a2200000 7i4500
001 0000048178
005 20150609.0
008 150609
020 |a 9789833514519 
020 |a 9833514519 
090 0 0 |a FAI   |b MAL 
100 1 |a Faizura Mansor 
245 1 0 |a Masih Ada Cinta   |c Faizura Mansor 
260 |a Kuala Lumpur :   |b Tintarona Publications Sdn Bhd ,   |c 2011 
999 |a 0001198323   |b Book   |c Adult Collection   |e Cawangan Bandar Penawar 
999 |a 0001198328   |b Book   |c Adult Collection   |e Cawangan Segamat 
999 |a 0001198329   |b Book   |c Adult Collection   |e Cawangan Muar